01879nam a2200349Ia 4500001000900000003000500009005001700014007000300031008004100034040001800075245021700093260003200310300007200342336002700414337002800441338002800469500007300497502009300570504002800663505039400691650003301085650004301118650004401161650002601205650003601231650003501267650003701302650002201339700004001361700005101401856007701452dia_5785CHAP20250801151722.0ta220117s2014 mx bdo fr 001 0 spa d cCHAPamxchpua10aResultados y análisis de la fase previa y campo de la materia Sistemas Agroindustriales en el estado de Chiapas /ccoordinador Juan Pérez Barrón ; colaboradores Ángel Daniel Aguilar Hernández...[et al.] aMéxico :bEl autor,c2014 a91 hojas :bmapas, gráficas, diagramas, tablas, fotos +e1 CD-ROM 2rdacontentatextobtxt 2rdamediaano mediadobn 2rdacarrieravolumenbnc a6° año Grupo 4 -- El Cd contiene reporte.-- Directorio: h. 89-91 aViaje de estudios b(SAI) -- cUACh. Departamento de Ingeniería Agroindustrial, d2014 aBibliografía: hoja 88 aEmpresas visitadas: --t1. FIRA -- 2. Café Real Chapaneco -- 3. Federación Indígena Ecológica de Chiapas, S. S. S. (FIECH) -- 4. Oficinas de Desarrollo Municipal del Municipio Las Margaritas, Chiapas -- 5. Outspan México, maquiladora de café -- 6. Grupo Herdez, Chiapas -- 7. Procesa Chiapas -- 8. Lácteos Blanquita -- 9. Asociación Ganadera -- 10. Quesos San Juan13aIndustria de los alimentos 10aIndustria lecherazMéxicozChiapas 10aIndustria pesquerazMéxicozChiapas 13aProductos de café 13aFood industryzMexicozChiapas 10aFish industryzMexicozChiapas13aDiary industryzMexicozChiapas 13aCoffee products 1 aPérez Barrón, Juanecoordinador1 aAguilar Hernández, Angel Danielecolaborador42uhttp://10.13.5.2/ve/TC642SAI/TC642SAI2014-REPORTE.pdfyDESCARGAR REPORTE